| 000 | 00426nam a22001457a 4500 | ||
|---|---|---|---|
| 050 |
_aTK6675 _b.W57 |
||
| 100 | _aNewman, Joseph Ed. | ||
| 245 |
_aWiring the world: _bthe explosion in communications |
||
| 260 |
_aWashington _bA division of U.S. News and World report _c1971 |
||
| 300 | _a49 p. | ||
| 650 | _bCable television | ||
| 650 | _bArtificial satellites in telecommunication | ||
| 650 | _bVideo recording | ||
| 942 | _cGEN | ||
| 999 |
_c3626 _d3626 |
||